000 00604nam a2200193 a 4500
001 000040671
005 20201002034307.0
008 130905s2011 sp 000 0 spa d
020 _a9788446022275
040 _aDO-SdBNP
_bspa
_cBNPHU
100 1 _aBosque Muñoz, Ignacio,
_d1951-
_967035
245 1 0 _aFundamentos de sintaxis formal /
_cIgnacio Bosque y Javier Gutiérrez-Rexach.
260 _aMadrid :
_bAkal,
_c2011.
300 _a799 p. ;
_c25 cm.
490 1 _aLingüística
504 _aBibliografía : p. 741-792
700 1 _aGutiérrez-Rexach, Javier
_967036
830 0 _aLingüística
_916423
999 _c40161
_d40161